Compendio de la geografía de la península de Yucatán
Saved in:
| Main Author: | |
|---|---|
| Format: | Book |
| Language: | Spanish |
| Published: |
Mérida de Yucatán
Imp. del Comercio a cargo de Ignacio L. Molina
1879
|
| Textbook Catalogue: | MANES: Library Catalog Search Result |
| Textbook Classification: |
|
| Tags: |
Add Tag
No Tags, Be the first to tag this record!
|
| Added to: | 2019-03-02 |
| Changed in: | 2019-03-03 |
MARC
| LEADER | 00000nam a2200000 4500 | ||
|---|---|---|---|
| 005 | 20190303150456.0 | ||
| 008 | 190303b xxu||||| |||| 00| 0 spa d | ||
| 040 | |a centro_manes |c universidad_colima | ||
| 100 | |9 23278 |a Vidal Castillo, J. | ||
| 245 | |a Compendio de la geografía de la península de Yucatán | ||
| 260 | |a Mérida de Yucatán |b Imp. del Comercio a cargo de Ignacio L. Molina |c 1879 | ||
| 300 | |a 55 p. |c 15 cm. | ||
| 500 | |a Aparece: Francisco Ziga, "Bibliografía Pedagógica. Libros de texto para enseñanza primaria: 1850-1970 V. Libros de Geografía" en Boletín del Instituto de Investigaciones Bibliográficas 1981-1982, Biblioteca Nacional, Hemeroteca Nacional, Universidad Nacional Autónoma de México, Nos. 18 - 19, p. 48. |a Escrito para servir de texto en los establecimientos de instrucción primaria | ||
| 690 | 0 | |a GEO | |
| 691 | 0 | |a PRI | |
| 942 | |2 ddc |c BK | ||
| 999 | |c 55539 |d 55539 | ||
| 999 | |c manes:55539 |d 55539 | ||